Les mécanismes dans la technique moderne (Record no. 5754440)

MARC details
000 -МАРКЕР
контрольное поле 00834nam1a22002651 4500
001 - ИДЕНТИФИКАТОР ЗАПИСИ
контрольное поле 2568510
005 - ИДЕНТИФИКАТОР ВЕРСИИ
контрольное поле 20251118181748.7
035 ## - ДРУГИЕ СИСТЕМНЫЕ НОМЕРА
Идентификатор записи (NLR Aleph) 006452650
100 ## - ДАННЫЕ ОБЩЕЙ ОБРАБОТКИ
Данные общей обработки 20251123 rusy50
101 1# - ЯЗЫК РЕСУРСА
Язык текста, звукозаписи и т.д. русский
-- французский
Язык оригинала русский
102 ## - СТРАНА ПУБЛИКАЦИИ ИЛИ ПРОИЗВОДСТВА
Страна публикации российская федерация
105 ## - ПОЛЕ КОДИРОВАННЫХ ДАННЫХ: ТЕКСТОВЫЕ МАТЕРИАЛЫ, МОНОГРАФИЧЕСКИЕ
Кодированные данные о монографическом текстовом документе z |||||
200 1# - ЗАГЛАВИЕ И СВЕДЕНИЯ ОБ ОТВЕТСТВЕННОСТИ
Основное заглавие Les mécanismes dans la technique moderne
Сведения, относящиеся к заглавию A l'usage des ingénieurs, constructeurs et inventeurs
Первые сведения об ответственности Par I. Artobolevski
Последующие сведения об ответственности Trad. du russe par D. Joukovski. T. 1-
210 ## - ПУБЛИКАЦИЯ, РАСПРОСТРАНЕНИЕ И ДР.
Место издания, распространения и т.д. Moscou
Имя издателя, распространителя и т. д. Mir
Дата издания, распространения и т.д. 1975-1978
215 ## - ФИЗИЧЕСКАЯ ХАРАКТЕРИСТИКА
Размеры 17
686 ## - ИНДЕКСЫ ДРУГИХ КЛАССИФИКАЦИЙ
Индекс К44я22
Код системы
700 #1 - ИМЯ ЛИЦА - ПЕРВИЧНАЯ ОТВЕТСТВЕННОСТЬ
Начальный элемент ввода Артоболевский
Часть имени, кроме начального элемента ввода И.И.
Расширение инициалов личного имени Иван Иванович
702 #1 - ИМЯ ЛИЦА - ВТОРИЧНАЯ ОТВЕТСТВЕННОСТЬ
Начальный элемент ввода Joukovski
Часть имени, кроме начального элемента ввода D.
Код отношения Переводчик
801 #0 - ИСТОЧНИК ЗАПИСИ
Страна российская федерация
Организация NLR
Правила каталогизации psbo
801 #1 - ИСТОЧНИК ЗАПИСИ
Страна российская федерация
Организация ELAR
Источник данных rusmarc
852 ## - МЕСТОНАХОЖДЕНИЕ И ШИФР ХРАНЕНИЯ
Идентификатор организации NLR
Шифр хранения (Call Number) Desideratum
899 ## - ДАННЫЕ О МЕСТОНАХОЖДЕНИИ (устаревшее)
Местонахождение RuMoRGB
Шифр хранения Ин 76-1/23
942 ## - ДОПОЛНИТЕЛЬНЫЕ ЭЛЕМЕНТЫ ЗАПИСИ (АБИС)
Тип экземпляра АБИС Книга
980 ## - КОЛЛЕКЦИЯ
Название коллекции Национальная библиография

无可用的馆藏。